书目信息 |
| 题名: |
无公害辣椒栽培新技术
|
|
| 作者: | 杨存祥 , 李雪峰 , 余慧 主编 | |
| 分册: | ||
| 出版信息: | 北京 中国农业科学技术出版社 2017 |
|
| 页数: | 343页 | |
| 开本: | 20cm | |
| 丛书名: | 农村实用技术人才培训系列教材 | |
| 单 册: | ||
| 中图分类: | S641.3 | |
| 科图分类: | ||
| 主题词: | 辣椒--la jiao--蔬菜园艺--无污染技术 | |
| 电子资源: | ||
| ISBN: | 978-7-5116-3436-8 | |
| 000 | 01400nam 2200325 450 | |
| 001 | 012001002203 | |
| 005 | 20131110083235.0 | |
| 010 | @a978-7-5116-3436-8@dCNY32.00 | |
| 099 | @aCAL 012018052918 | |
| 100 | @a20180509d2017 em y0chiy50 ea | |
| 101 | 0 | @achi |
| 102 | @aCN@b110000 | |
| 105 | @aak a 000yy | |
| 106 | @ar | |
| 200 | 1 | @a无公害辣椒栽培新技术@Awu gong hai la jiao zai pei xin ji shu@f杨存祥, 李雪峰, 余慧主编 |
| 210 | @a北京@c中国农业科学技术出版社@d2017 | |
| 215 | @a343页@c图@d20cm | |
| 225 | 2 | @a农村实用技术人才培训系列教材@Anong cun shi yong ji shu ren cai pei xun xi lie jiao cai |
| 225 | 2 | @a新型职业农民培训系列教材@Axin xing zhi ye nong min pei xun xi lie jiao cai |
| 320 | @a有书目 (第343页) | |
| 330 | @a本书详细介绍了日光温室和塑料大棚搭建技术及日光温室和塑料大棚辣椒的栽培技术, 内容包括辣椒的植物学特征、生长发育规律、环境要求、设施环境调控、茬口安排、品种选择、栽培技术、病虫害综合防治等技术。以便读者根据辣椒的不同品种的特性合理安排茬口, 指导蔬菜生产, 既满足市场需求, 又增加农民收入。 | |
| 410 | 0 | @12001 @a农村实用技术人才培训系列教材 |
| 410 | 0 | @12001 @a新型职业农民培训系列教材 |
| 606 | 0 | @a辣椒@Ala jiao@x蔬菜园艺@x无污染技术 |
| 690 | @aS641.3@v5 | |
| 701 | 0 | @a杨存祥@Ayang cun xiang@4主编 |
| 701 | 0 | @a李雪峰@Ali xue feng@4主编 |
| 701 | 0 | @a余慧@Ayu hui@4主编 |
| 801 | 0 | @aCN@b北京卓展@c20191020 |
| 905 | @b1199826-9@dS641.3@e570@f4 | |
| 无公害辣椒栽培新技术/杨存祥, 李雪峰, 余慧主编.-北京:中国农业科学技术出版社,2017 |
| 343页:图;20cm.-(农村实用技术人才培训系列教材).-(新型职业农民培训系列教材) |
| ISBN 978-7-5116-3436-8:CNY32.00 |
| 本书详细介绍了日光温室和塑料大棚搭建技术及日光温室和塑料大棚辣椒的栽培技术, 内容包括辣椒的植物学特征、生长发育规律、环境要求、设施环境调控、茬口安排、品种选择、栽培技术、病虫害综合防治等技术。以便读者根据辣椒的不同品种的特性合理安排茬口, 指导蔬菜生产, 既满足市场需求, 又增加农民收入。 |
| ● |
| 相关链接 |
|
|
|
|
正题名:无公害辣椒栽培新技术
索取号:S641.3/570
 
预约/预借
| 序号 | 登录号 | 条形码 | 馆藏地/架位号 | 状态 | 备注 |
| 1 | 1199826 | 211998267 | 第二样本阅览室/ [索取号:S641.3/570] | 在馆 | |
| 2 | 1199827 | 211998276 | 第三借阅区/ [索取号:S641.3/570] | 在馆 | |
| 3 | 1199828 | 211998285 | 第三借阅区/ [索取号:S641.3/570] | 在馆 | |
| 4 | 1199829 | 211998294 | 第三借阅区/ [索取号:S641.3/570] | 在馆 |